[Event "Moscow op-A"]
[Site "Moscow"]
[Date "2015.02.08"]
[Round "9"]
[White "Uraev, Ivan"]
[Black "Ali, Muhammad Lutfi"]
[Result "1/2-1/2"]
[WhiteElo "2287"]
[BlackElo "2404"]
[PlyCount "140"]
[EventDate "2015.01.31"]
[EventType "swiss"]
[EventRounds "9"]
[EventCountry "RUS"]
[SourceTitle "CBM 164 Extra"]
[Source "ChessBase"]
[SourceDate "2015.03.02"]
[SourceVersion "1"]
[SourceVersionDate "2015.03.02"]
[SourceQuality "1"]

1. b3 Nf6 2. Bb2 g6 3. e4 Bg7 4. g3 0-0 5. Bg2 d6 6. Ne2 e5 7. Nbc3 Nc6 8. 0-0 Bd7 9. h3 h5 10. f4 h4 11. f5 hxg3 12. Nxg3 Nd4 13. Nce2 Nh7 14. c3 Nxe2+ 15. Qxe2 Qh4 16. Qg4 Bf6 17. d4 Qxg4 18. hxg4 Kg7 19. Rad1 a5 20. Bc1 Rfe8 21. Be3 a4 22. b4 Bb5 23. Rfe1 Bc4 24. a3 Re7 25. Kf2 Rae8 26. Rh1 Ng5 27. d5 Rc8 28. Bf3 Ree8 29. Be2 Bb3 30. Rc1 Rh8 31. c4 Nh3+ 32. Kf3 c6 33. dxc6 Rxc6 34. Nh5+ gxh5 35. Rxh3 hxg4+ 36. Kxg4 Rcc8 37. Rg3 Rcg8 38. Kf3+ Kf8 39. Rxg8+ Kxg8 40. Rg1+ Kf8 41. Bd3 Rh3+ 42. Rg3 Rh2 43. Rg2 Bd1+ 44. Kg3 Rh1 45. Rh2 Rxh2 46. Kxh2 Bh4 47. c5 Ke7 48. Kh3 Be1 49. Bg5+ Kd7 50. Bb5+ Kc7 51. Be7 dxc5 52. bxc5 Bc3 53. Kh4 Bc2 54. Kg5 Bxe4 55. Bd6+ Kd8 56. Kf6 Bb2 57. Be7+ Kc8 58. Bxa4 Bd5 59. Bd6 Kd8 60. Bxe5 Bxa3 61. Bd4 Bc4 62. Kg7 Bb4 63. Bf6+ Kc8 64. Bd4 Kd8 65. Kf6 Ba3 66. Bd1 Kd7 67. Bf3 Kc7 68. Bh5 Kc6 69. Bxf7 Bd3 70. Ke5 Bxf5 1/2-1/2

[Event "Moscow op-A"]
[Site "Moscow"]
[Date "2015.02.02"]
[Round "3"]
[White "Uraev, Ivan"]
[Black "Shapfiullin, Ildar"]
[Result "1-0"]
[WhiteElo "2287"]
[BlackElo "2093"]
[PlyCount "79"]
[EventDate "2015.01.31"]
[EventType "swiss"]
[EventRounds "9"]
[EventCountry "RUS"]
[SourceTitle "CBM 164 Extra"]
[Source "ChessBase"]
[SourceDate "2015.03.02"]
[SourceVersion "1"]
[SourceVersionDate "2015.03.02"]
[SourceQuality "1"]

1. Nf3 Nf6 2. b3 g6 3. Bb2 Bg7 4. c4 0-0 5. e3 d6 6. d3 e5 7. Nbd2 Qe7 8. Rc1 Nc6 9. a3 a5 10. Be2 Bf5 11. 0-0 Rfd8 12. Nh4 Bc8 13. Qc2 Nd7 14. Nhf3 Nc5 15. Bc3 Bf5 16. Ne4 f6 17. Ng3 a4 18. Nxf5 gxf5 19. b4 Nb3 20. Rcd1 Qf7 21. Nh4 Ne7 22. d4 Qe6 23. Bb2 c5 24. bxc5 dxc5 25. d5 Qb6 26. Nxf5 Ng6 27. h4 Na5 28. h5 Nf8 29. h6 Bh8 30. d6 Kf7 31. Bh5+ Ng6 32. Ne7 Rg8 33. f4 Qb3 34. Qd2 Qxc4 35. f5 Nc6 36. fxg6+ hxg6 37. Be2 Qe6 38. Nxg8 Rxg8 39. Rc1 Rd8 40. Bc4 1-0